[Event "Budapest FS05 FM-A"]
[Site "Budapest"]
[Date "2007.05.07"]
[Round "3"]
[White "Preus, Flemming"]
[Black "Csirik, Andras"]
[Result "0-1"]
[WhiteElo "2053"]
[BlackElo "2101"]
[PlyCount "90"]
[EventDate "2007.05.05"]
[EventType "tourn"]
[EventRounds "9"]
[EventCountry "HUN"]
[SourceTitle "CBM 118 Extra"]
[Source "ChessBase"]
[SourceDate "2007.07.04"]
[SourceVersion "1"]
[SourceVersionDate "2007.07.04"]
[SourceQuality "1"]

1. e4 c5 2. Nf3 Nc6 3. Nc3 g6 4. g3 Bg7 5. Bg2 e6 6. 0-0 Nge7 7. d3 d6 8. Be3 0-0 9. Qd2 Nd4 10. Nd1 Rb8 11. c3 Nxf3+ 12. Bxf3 b5 13. d4 cxd4 14. cxd4 d5 15. e5 Qb6 16. b3 Bd7 17. Nb2 Nf5 18. Be2 Rfc8 19. Rfc1 f6 20. exf6 Bxf6 21. Rxc8+ Rxc8 22. Rd1 Bxd4 23. Bxd4 Nxd4 24. Qxd4 Qxd4 25. Rxd4 Rc2 26. Nd3 Rxe2 27. Nc5 Re1+ 28. Kg2 Bc6 29. f4 Kf7 30. Nd3 Re2+ 31. Kf3 Rc2 32. h4 Ke7 33. Ne5 Be8 34. a4 Rc3+ 35. Rd3 Rxd3+ 36. Nxd3 bxa4 37. bxa4 Bxa4 38. Ke3 Kf6 39. Kd4 Kf5 40. Nc5 Bc6 41. Nd3 Bb5 42. Ne5 a5 43. Ke3 h5 44. Nf7 Kf6 45. Nd6 Bc4 0-1